US STATES - Statistics

General Stats
  • This quiz has been taken 32 times
  • The average score is 42 of 50
Answers on the Map
Answers color-coded by a green-red scale on the quiz's map according to % correct below.
 
Answer Stats
Answer % Correct
California
100%
Kentucky
100%
New York
100%
Texas
100%
Alaska
92%
Florida
92%
Louisiana
92%
Nevada
92%
New Mexico
92%
North Carolina
92%
North Dakota
92%
Ohio
92%
Oregon
92%
Utah
92%
Virginia
92%
Washington
92%
Wyoming
92%
Arizona
83%
Arkansas
83%
Colorado
83%
Connecticut
83%
Georgia
83%
Hawaii
83%
Idaho
83%
Illinois
83%
Indiana
83%
Iowa
83%
Maine
83%
Maryland
83%
Michigan
83%
Mississippi
83%
Missouri
83%
Montana
83%
Oklahoma
83%
Pennsylvania
83%
Rhode Island
83%
South Carolina
83%
South Dakota
83%
Vermont
83%
West Virginia
83%
Wisconsin
83%
Alabama
75%
Kansas
75%
Massachusetts
75%
New Hampshire
75%
New Jersey
75%
Tennessee
75%
Delaware
67%
Minnesota
67%
Nebraska
67%
No matching quizzes found
Score Distribution
Percent of People with Each Score
Percentile by Number Answered
Your Score History
You have not taken this quiz